[Event "Winter Chess Classic-B 2019"]
[Site "Saint Louis"]
[Date "2019.11.11"]
[Round "2.5"]
[White "Khachiyan, Melikset"]
[Black "Azarov, Sergei"]
[Result "1/2-1/2"]
[WhiteElo "2493"]
[BlackElo "2586"]
[Annotator "TA"]
[PlyCount "45"]
[EventDate "2019.11.10"]
[EventType "tourn"]
[EventCountry "USA"]
[SourceTitle "playchess.com"]
[Source "ChessBase"]
[SourceQuality "1"]

{[%evp 13,45,12,17,11,6,7,12,0,18,0,0,-11,0,0,0,0,0,0,0,0,0,0,0,0,0,0,0,-45,0,0,0,-45,0,0]} 1. e4 e5 2. Nf3 Nc6 3. Bc4 Bc5 4. O-O Nf6 5. d3 d6 6. c3 a5 7. a4 O-O 8. Nbd2 {[%cal Bb1d2,Bd2f1,Bf1g3][%mdl 32] C54: Giuoco Piano: 4 c3 Nf6, main lines with 5 d4 and 5 d3} h6 (8... Ba7 9. h3 Ne7 10. Re1 Ng6 11. Nf1 Re8 12. Ng3 Be6 13. Bxe6 Rxe6 14. Qb3 Nd7 15. d4 h6 16. Qxb7 {0-1 (29) Wang,H (2735)-Andreikin,D (2722) Hengshui 2019}) 9. Re1 Be6 10. Qb3 Qd7 11. Nf1 Bxc4 12. Qxc4 Rfe8 $146 ({Predecessor:} 12... Ba7 13. Be3 Ne7 14. Ng3 Bxe3 15. fxe3 Ng6 {½-½ (48) Jones,G (2622)-Cheparinov,I (2629) Hengshui 2019}) 13. Be3 b6 14. Ng3 Bxe3 15. Rxe3 d5 16. exd5 Nxd5 17. Re4 Re6 18. Rae1 {[%cal Rf3e5]} Rae8 19. h3 Nf4 20. R4e3 Nd5 21. Re4 Nf4 22. R4e3 Nd5 23. Re4 {Accuracy: White = 60%, Black = 62%.} 1/2-1/2

[Event "Winter Chess Classic-B 2019"]
[Site "Saint Louis"]
[Date "2019.11.12"]
[Round "3.1"]
[White "Azarov, Sergei"]
[Black "Erenburg, Sergey"]
[Result "1-0"]
[WhiteElo "2586"]
[BlackElo "2581"]
[Annotator "TA"]
[PlyCount "115"]
[EventDate "2019.11.10"]
[EventType "tourn"]
[EventCountry "USA"]
[SourceTitle "playchess.com"]
[Source "ChessBase"]
[SourceQuality "1"]

{[%evp 9,115,21,37,0,9,13,9,0,21,28,18,14,13,20,16,24,20,0,0,2,28,23,25,25,25,28,28,0,2,7,0,17,8,0,23,23,51,37,52,39,59,49,47,57,120,119,125,0,0,0,127,126,142,142,127,141,138,122,135,137,153,153,154,154,153,153,154,150,207,207,255,109,201,185,171,170,163,143,472,468,468,468,663,662,644,637,891,931,913,861,838,803,1417,1359,1269,1201,1944,1885,1593,1421,12833,12833,12831,9266,12837,12838,12839,12839]} 1. e4 c6 2. d4 d5 3. e5 Bf5 4. Nf3 e6 5. Be2 Ne7 6. Nbd2 {B12: Caro-Kann: Advance Variation} c5 7. dxc5 Nec6 8. Nb3 {The position is equal.} Bxc5 {[%mdl 64] [#] Decoy} 9. Nxc5 Qa5+ 10. c3 Qxc5 11. Be3 Qe7 12. b4 b6 $146 ({Predecessor:} 12... Nd7 13. Bg5 f6 14. exf6 Nxf6 {1-0 (42) Grischuk,A (2752)-Laznicka,V (2703) Porto Carras 2011}) 13. h3 O-O 14. O-O Qc7 15. Bf4 Nd7 {[%cal Rc6e5]} 16. Nd4 Be4 17. Bb5 Ne7 18. Rc1 a6 19. Be2 b5 20. a4 bxa4 $1 21. Qxa4 Nb6 22. Qa5 Nc6 23. Qc5 Nxd4 $1 24. Qxd4 Rfc8 25. c4 {cxd5 is the strong threat.} Qb7 $1 26. c5 Nc4 ({Better is} 26... Nd7 $1 $14) 27. Rfd1 $16 Na3 28. Qb2 (28. f3 $16 Bc2 29. Rd2) 28... Nc4 $1 $11 {[%cal Rc4b2]} 29. Qd4 (29. Qb3 $11 Rxc5 30. f3) 29... Na3 $1 $16 30. f3 Bg6 {[#]} 31. Qb2 $1 $36 {[%cal Rb2a3][%mdl 2048] White is on the roll.} Nb5 32. Ra1 h6 33. Be3 Nc7 34. Rdc1 Qc6 35. Ra5 Rcb8 36. Rca1 Qb7 37. Bd2 Qc6 38. Qa3 d4 (38... Kf8 $16 39. Kf2 (39. Bxa6 Nxa6 40. Rxa6 Rxa6 $16) 39... Ke8 40. Bxa6 Nxa6) 39. Bxa6 $18 Qd5 40. Bf1 (40. b5 $18) 40... Qxe5 (40... Rxa5 $16 {was called for.} 41. bxa5 d3) 41. Rxa8 Rxa8 42. Qc1 {Threatens to win with Rxa8+.} Rxa1 43. Qxa1 Bc2 $2 {[%mdl 8192]} (43... f6 $16 {is a better chance.} 44. Qc1 Nd5) 44. f4 {White is clearly winning.} Qe4 45. b5 {[%cal Bb4b5,Bb5b6,Bb6b7][%mdl 32]} d3 (45... Nxb5 $142 46. Bxb5 Qd5) 46. b6 Nb5 47. Qe5 Qxe5 48. fxe5 {[%mdl 4096] Endgame KBB-KBN} Nd4 49. b7 Nc6 50. g4 {aiming for Bg2.} Nb8 51. Bg2 Ba4 52. Kf2 Kf8 53. c6 Bxc6 54. Bb4+ Ke8 55. Bxc6+ Nxc6 56. Bd6 f5 57. exf6 gxf6 58. Ke3 {Accuracy: White = 81%, Black = 44%.} 1-0

[Event "Winter Chess Classic-B 2019"]
[Site "Saint Louis"]
[Date "2019.11.12"]
[Round "3.2"]
[White "Moradiabadi, Elshan"]
[Black "Khachiyan, Melikset"]
[Result "1/2-1/2"]
[WhiteElo "2552"]
[BlackElo "2493"]
[Annotator "RC"]
[PlyCount "75"]
[EventDate "2019.11.10"]
[EventType "tourn"]
[EventCountry "USA"]
[SourceTitle "playchess.com"]
[Source "ChessBase"]
[SourceQuality "1"]
[TimeControl "40/5400+30:1800+30"]

1. e4 {[%emt 0:00:00]} e5 {[%emt 0:01:15]} 2. Nf3 {[%emt 0:00:00]} Nc6 {[%emt 0:00:08]} 3. Bb5 {[%emt 0:00:00]} a6 {[%emt 0:00:19]} 4. Ba4 {[%emt 0:00:00]} Nge7 {[%emt 0:01:53]} 5. c3 {[%emt 0:05:47]} d6 {[%emt 0:01:48]} 6. d4 {[%emt 0:00:28]} Bd7 {[%emt 0:00:04]} 7. d5 {[%emt 0:02:06]} Nb8 {[%emt 0:00:08]} 8. c4 {[%emt 0:00:03]} Ng6 {[%emt 0:00:20]} 9. Nc3 {[%emt 0:00:47]} Be7 {[%emt 0:00:07]} 10. Be3 {[%emt 0:00:34]} h6 {[%emt 0:00:21]} 11. Bxd7+ {[%emt 0:01:12]} Nxd7 {[%emt 0:00:13]} 12. g3 {[%emt 0:00:07]} O-O {[%emt 0:05:35]} 13. h4 {[%emt 0:00:55]} f5 {[%emt 0:08:18]} 14. exf5 {[%emt 0:01:13]} Rxf5 {[%emt 0:00:07]} 15. h5 {[%emt 0:00:21]} Ngf8 {[%emt 0:01:01]} 16. Ne4 {[%emt 0:08:26]} Rf7 {[%emt 0:02:29]} 17. Nfd2 {[%emt 0:05:23]} Nh7 {[%emt 0:03:00]} 18. Qg4 {[%emt 0:00:28]} Bg5 {[%emt 0:08:02]} 19. f4 {[%emt 0:24:36]} exf4 {[%emt 0:08:29]} 20. gxf4 {[%emt 0:00:02]} Ne5 {[%emt 0:00:10]} 21. fxe5 {[%emt 0:06:30]} Bxe3 {[%emt 0:00:21]} 22. e6 {[%emt 0:00:04]} Rf4 {[%emt 0:00:04]} 23. Qg3 {[%emt 0:00:07]} Bxd2+ {[%emt 0:00:14]} 24. Nxd2 {[%emt 0:00:06]} Qg5 {[%emt 0:01:37]} 25. Qxg5 {[%emt 0:02:29]} Nxg5 {[%emt 0:00:07]} 26. Ke2 {[%emt 0:00:03]} c6 {[%emt 0:09:17]} 27. Raf1 {[%emt 0:03:35]} Rg4 {[%emt 0:00:32]} 28. Rfg1 {[%emt 0:09:05]} Rf4 {[%emt 0:05:12]} 29. Rf1 {[%emt 0:04:59]} Rg4 {[%emt 0:00:05]} 30. Rhg1 {[%emt 0:00:02]} Rh4 {[%emt 0:13:59]} 31. Nf3 {[%emt 0:00:10]} Nxf3 {[%emt 0:02:28]} 32. Rxf3 {[%emt 0:00:00]} Rxh5 {[%emt 0:03:30]} 33. Rf7 {[%emt 0:00:18]} Re5+ {[%emt 0:00:05]} 34. Kd3 {[%emt 0:09:56]} g5 {[%emt 0:00:17]} 35. Rgf1 {[%emt 0:00:07]} Re8 {[%emt 0:01:52]} 36. Kd4 {[%emt 0:00:01]} g4 {[%emt 0:12:39]} 37. R1f6 {[%emt 0:04:33]} Rg5 {[%emt 0:02:57]} 38. e7 {[%emt 0:07:27]} 1/2-1/2

[Event "Winter Chess Classic-B 2019"]
[Site "Saint Louis"]
[Date "2019.11.12"]
[Round "3.3"]
[White "Wang, Justin"]
[Black "Harutyunian, Tigran K."]
[Result "1/2-1/2"]
[WhiteElo "2459"]
[BlackElo "2542"]
[Annotator "TA"]
[PlyCount "111"]
[EventDate "2019.11.10"]
[EventType "tourn"]
[EventCountry "USA"]
[SourceTitle "playchess.com"]
[Source "ChessBase"]
[SourceQuality "1"]

{[%evp 26,111,34,18,24,35,32,24,34,31,23,16,12,11,30,0,4,0,0,0,0,-8,-14,-11,-8,-7,-5,-30,-9,-6,-6,-6,8,-18,-9,-34,-33,-49,-43,-53,-47,-51,-60,-66,-62,-61,-61,-66,-59,-53,-58,-58,-32,-53,-24,-62,-4,-21,-14,-16,-17,-26,0,0,0,0,0,0,0,0,0,0,0,0,0,0,0,0,0,0,0,0,0,0,0,0,0,0]} 1. e4 e5 2. Nf3 Nc6 3. Bb5 a6 4. Ba4 Nf6 5. O-O Be7 6. Re1 b5 7. Bb3 O-O 8. c3 d5 9. exd5 Nxd5 10. Nxe5 Nxe5 11. Rxe5 c6 12. d3 Bd6 13. Re1 Bf5 14. Qf3 Qh4 {C89: Closed Ruy Lopez: Marshall Attack} 15. g3 Qh3 16. Be3 Bxd3 {White has an edge.} ({Much weaker is} 16... Nxe3 17. Rxe3 Rac8 18. Nd2 $16) 17. Nd2 {[%cal Bb1d2,Bd2e4,Be4g5][%mdl 32]} Bf5 18. Bd4 {[#]} Rfd8 $146 ({Predecessor:} 18... Rfe8 19. a4 Bg4 20. Qg2 Qh5 21. f3 Be6 22. Ne4 {½-½ (69) Inarkiev,E (2693)-Tomashevsky,E (2718) Mali Losinj 2019}) 19. Ne4 Bf8 20. Ng5 Qg4 21. Qxg4 Bxg4 22. f3 Bh5 23. Kg2 c5 24. Bf2 h6 25. Nh3 Bg6 26. Rac1 c4 27. Bc2 Bxc2 28. Rxc2 Rd7 29. a3 Rad8 30. Ree2 g5 $36 {[%mdl 2048] Black has good play.} 31. Bd4 Bg7 32. Bxg7 Kxg7 33. Nf2 f5 34. Re5 Re7 35. Rxe7+ Nxe7 $15 {[%mdl 4096] Endgame KRN-KRN} 36. Kf1 Nd5 {[#] Hoping for ...Ne3+.} 37. Re2 Kf6 38. Ke1 h5 39. Nd1 f4 40. Rd2 Re8+ (40... Rd7 $15) 41. Kf2 Re5 42. Rd4 Kf5 43. a4 g4 44. axb5 {The position is equal.} axb5 45. Rd2 Kg5 46. Rd4 Rf5 {[#] ...fxg3+ is the strong threat.} 47. Kg2 fxg3 {Strongly threatening ...Nf4+.} 48. fxg4 Nf4+ 49. Kxg3 hxg4 {Threatens to win with ...Ne2+.} 50. Re4 Nh5+ 51. Kg2 Rf3 52. Ne3 Nf4+ 53. Kg1 Nh3+ 54. Kg2 Nf4+ 55. Kg1 Nh3+ 56. Kg2 {Accuracy: White = 62%, Black = 64%.} 1/2-1/2

[Event "Winter Chess Classic-B 2019"]
[Site "Saint Louis"]
[Date "2019.11.12"]
[Round "3.4"]
[White "Cordova, Emilio"]
[Black "Perez Ponsa, Federico"]
[Result "1/2-1/2"]
[WhiteElo "2570"]
[BlackElo "2560"]
[Annotator "TA"]
[PlyCount "109"]
[EventDate "2019.11.10"]
[EventType "tourn"]
[EventCountry "USA"]
[SourceTitle "playchess.com"]
[Source "ChessBase"]
[SourceQuality "1"]

{[%evp 16,109,33,28,44,31,31,10,11,8,28,18,28,20,31,21,35,21,36,0,26,16,35,-9,-15,-16,-19,-11,-5,-62,-58,-27,-11,-24,0,-42,-8,-2,-9,-14,-10,-10,-11,-59,-59,-59,-56,-44,-37,-46,-51,-41,-49,-49,-39,-75,-74,-80,-77,-77,-80,-79,-78,-85,-49,-48,-47,-45,-47,-47,-39,-39,-42,-44,-44,-44,-37,-37,-10,-7,0,-38,-38,-38,-8,-8,-8,-8,-8,-8,-8,-8,-8,-8,-8,-8]} 1. Nf3 Nf6 2. c4 g6 3. Nc3 Bg7 4. g3 O-O 5. Bg2 d6 6. d4 Nc6 7. O-O e5 8. d5 Nb8 9. e4 a5 {E62: King's Indian: Fianchetto: 6...c6 and Panno Variation (6...Nc6) without ...a6} 10. b3 (10. h3 Na6 11. Be3 Nh5 12. Ne1 Qe8 13. Kh2 f5 14. Bf3 Nf6 15. Nd3 fxe4 16. Bxe4 b5 17. cxb5 Nxe4 18. Nxe4 Qxb5 19. Nc3 {0-1 (45) Lenderman,A (2640)-Xiong,J (2691) Philadelphia 2019}) 10... Na6 11. Re1 Bd7 $146 ({Predecessor:} 11... Nc5 12. Qc2 Bd7 13. Bg5 Qe8 14. Nh4 Nh5 15. Be3 b6 16. Qd2 Qe7 17. Rab1 {1-0 (55) Yurasova,D (2182)-Lisin,E (1896) St Petersburg 2019}) 12. Rb1 Qe7 13. Bg5 h6 14. Bd2 Nc5 15. Qc2 Nh7 16. Be3 Ng5 17. Nh4 Nh3+ 18. Kh1 Nf4 19. Nf5 gxf5 20. gxf4 exf4 21. Bxf4 Rae8 22. Qd2 (22. f3 $11) 22... Qf6 $15 23. Rbc1 Re7 24. f3 (24. e5 $5 dxe5 25. Be3 $11) 24... Rfe8 25. Bg3 Qd4 26. Qxd4 Bxd4 27. Red1 Bxc3 28. Rxc3 fxe4 29. Bh4 exf3 30. Bxf3 Re3 31. Rg1+ Kh7 32. Bf6 {[#] Black must now prevent Rxe3.} Re1 33. Rxe1 Rxe1+ 34. Kg2 Re8 35. a3 Bf5 36. b4 axb4 37. axb4 Nd3 38. c5 Kg6 39. Bd4 Nxb4 40. cxd6 cxd6 41. Rb3 Nc2 42. Bf2 Ne1+ 43. Bxe1 $1 Rxe1 {[%mdl 4096] Endgame KRB-KRB} 44. Rb6 Rb1 45. Rxd6+ Kg5 {Threatens to win with ...Bg6.} 46. Kg3 {[%csl Gg3][%cal Rh2h4] [#]} Rg1+ 47. Kf2 $132 {[%mdl 2048] White is not holding back} Rb1 48. Kg3 {[%csl Gg3][%cal Rh2h4]} Rb4 49. Rd8 $1 h5 50. h4+ {The position is equal.} Rxh4 51. Rg8+ Bg6 {And now ...Rd4 would win.} 52. Bxh5 $1 Rd4 53. Bxg6 fxg6 54. Rb8 $1 Rxd5 {Strongly threatening ...Rd3+.} 55. Rxb7 {Accuracy: White = 59%, Black = 60%.} 1/2-1/2

[Event "Winter Chess Classic-B 2019"]
[Site "Saint Louis"]
[Date "2019.11.12"]
[Round "3.5"]
[White "Sorokin, Aleksey"]
[Black "Yoo, Christopher Woojin"]
[Result "1-0"]
[WhiteElo "2513"]
[BlackElo "2449"]
[Annotator "TA"]
[PlyCount "77"]
[EventDate "2019.11.10"]
[EventType "tourn"]
[EventCountry "USA"]
[SourceTitle "playchess.com"]
[Source "ChessBase"]
[SourceQuality "1"]

{[%evp 21,77,0,9,22,28,21,30,0,0,0,17,0,0,0,0,0,0,0,0,0,25,25,99,97,175,179,185,180,162,170,264,267,271,272,270,270,304,298,295,267,263,261,251,242,406,408,463,463,462,456,523,502,610,614,609,557,538,526]} 1. d4 Nf6 2. c4 g6 3. Nc3 d5 4. cxd5 Nxd5 5. e4 Nxc3 6. bxc3 Bg7 7. Nf3 c5 8. Be3 Qa5 9. Qd2 O-O 10. Rc1 Rd8 11. d5 e6 12. Bg5 {D85: Exchange Grünfeld: Unusual White 7th moves and lines with 7 Nf3} Rd6 13. Bf4 Rd8 14. Be2 {White has an edge.} exd5 15. exd5 b5 16. c4 Qxd2+ 17. Nxd2 bxc4 $146 ({Predecessor:} 17... Bb7 18. cxb5 Bxd5 19. O-O Bxa2 20. Nc4 Nd7 21. Bf3 a6 22. Bxa8 Bxc4 23. Rxc4 {½-½ (25) Khenkin,I (2648)-Sevdimaliyev,U (2325) Baku 2012}) 18. Nxc4 Bb7 19. Ne3 $36 {[%mdl 2048] Black is under pressure.} Bd4 20. O-O Nd7 21. Bc7 Re8 (21... Rdc8 $11 {remains equal.} 22. Bf4 Nf6) 22. Bb5 $16 Rxe3 (22... Re4 $16) 23. fxe3 $18 Bxe3+ 24. Kh1 {And now Rce1 would win.} Bxc1 25. Rxc1 Re8 (25... Nf8 $142) 26. Bxd7 Re7 27. Bb5 Bxd5 28. Bd6 Rb7 29. a4 a6 30. Be2 ({Less strong is} 30. Rxc5 axb5 31. Rxd5 bxa4 $16) ({Inferior is} 30. Bxa6 Rb6 $11) 30... Rb4 31. Bd1 Rb2 32. Bf3 Bb3 $2 {[#]} (32... Bxf3 33. gxf3 Rd2) 33. Be5 Rc2 34. Rxc2 {White is clearly winning.} Bxc2 35. a5 Bb3 36. Bf6 Kf8 37. Bc6 h6 38. Kg1 g5 39. Kf2 {Accuracy: White = 94%, Black = 38%.} 1-0

[Event "Winter Chess Classic-B 2019"]
[Site "Saint Louis"]
[Date "2019.11.13"]
[Round "4.1"]
[White "Erenburg, Sergey"]
[Black "Yoo, Christopher Woojin"]
[Result "1-0"]
[WhiteElo "2581"]
[BlackElo "2449"]
[Annotator "TA"]
[PlyCount "93"]
[EventDate "2019.11.10"]
[EventType "tourn"]
[EventCountry "USA"]
[SourceTitle "playchess.com"]
[Source "ChessBase"]
[SourceQuality "1"]

{[%evp 18,93,27,40,37,37,44,26,35,27,47,0,0,0,0,0,21,26,27,0,15,7,38,0,0,0,0,0,4,-44,0,-37,0,0,26,-32,8,1,3,-54,-82,-75,20,5,10,0,0,0,10,0,5,6,9,10,5,6,7,4,4,5,6,6,275,270,448,416,697,687,632,627,29977,29978,29978,29979,29979,29980,29979,29979]} 1. e4 Nf6 2. e5 Nd5 3. d4 d6 4. Nf3 g6 5. Bc4 Nb6 6. Bb3 Bg7 7. Qe2 O-O 8. h3 c5 9. dxc5 dxc5 10. O-O c4 {B04: Alekhine's Defence: 4 Nf3} (10... Nc6 11. e6 Bxe6 12. Bxe6 fxe6 13. Qxe6+ Kh8 14. c3 Qd5 15. Qxd5 Nxd5 16. Nbd2 Nf4 17. Ne4 Nd3 18. Rb1 {½-½ (96) Short,N (2678)-Adhiban,B (2655) Riadh 2017}) 11. Bxc4 Nxc4 12. Qxc4 Nc6 {White has an edge.} 13. Qe2 Bf5 14. Rd1 $146 ({Predecessor:} 14. Na3 Qb6 15. c3 Rfd8 16. Be3 Qa5 17. Bd4 Nxd4 18. Nxd4 Qxe5 19. Qxe5 Bxe5 20. Nxf5 gxf5 {½-½ (42) Oliva Castaneda,K (2452)-Avila Pavas,S (2295) Santa Clara 2019}) 14... Qa5 15. Bf4 (15. Bd2 {seems wilder.} Qc5 16. Be3 Qxc2 17. Rd2 Qc1+ 18. Rd1) 15... Rfd8 16. Na3 Rxd1+ 17. Rxd1 Rd8 18. c3 Rd5 19. Re1 Qd8 20. Kh2 h6 21. Bg3 a6 22. b3 Rd3 23. Nb1 Qd5 {[%mdl 1024] Black has compensation.} 24. c4 Qd7 25. Nbd2 g5 26. Nf1 (26. Ne4 $11 b6 27. Kh1) 26... g4 27. hxg4 Bxg4 28. Ne3 (28. e6 $11 Bxe6 29. Ne5 Bxe5 30. Bxe5) 28... Nd4 $15 29. e6 Nxf3+ ({Of course not} 29... Bxe6 30. Nxd4 Qxd4 31. Qh5 $11) (29... fxe6 $17 30. Qf1 Nxf3+ 31. gxf3 Bxf3) 30. Qxf3 Bxe6 31. Qe4 Rd4 32. Qf3 Qc6 (32... Rd3 {keeps more tension.}) 33. Nd5 Bxd5 34. cxd5 Qxd5 35. Qxd5 Rxd5 36. Rxe7 $11 {[%mdl 4096] Endgame KRB-KRB} Rd2 37. a4 b6 38. Rb7 Bd4 39. Rd7 a5 $2 {[%mdl 8192]} (39... Bc3 $11 40. Rxd2 Bxd2) 40. Kh3 $18 Rd3 $2 (40... Be3) 41. Kg4 Rd2 (41... Rxg3+ $142 42. Kxg3 Bc5) 42. Rd8+ Kh7 {[#]} 43. Be5 $1 {[%mdl 576] Pin} Rxf2 (43... Bxe5 44. Rxd2) 44. Bxd4 {White mates.} Rxg2+ 45. Kf5 {[%csl Gd4][%cal Rd8h8]} Rg5+ {[#]} 46. Kf6 $1 Rg7 47. Rf8 {Accuracy: White = 48%, Black = 39%.} 1-0

[Event "Winter Chess Classic-B 2019"]
[Site "Saint Louis"]
[Date "2019.11.13"]
[Round "4.2"]
[White "Perez Ponsa, Federico"]
[Black "Sorokin, Aleksey"]
[Result "1/2-1/2"]
[WhiteElo "2560"]
[BlackElo "2513"]
[Annotator "TA"]
[PlyCount "60"]
[EventDate "2019.11.10"]
[EventType "tourn"]
[EventCountry "USA"]
[SourceTitle "playchess.com"]
[Source "ChessBase"]
[SourceQuality "1"]

{[%evp 9,60,1,32,20,36,12,27,-42,-29,-32,-37,-26,-26,-33,-29,-50,-41,-45,9,-45,0,0,0,-11,-8,0,-6,-10,-19,-12,-7,-47,-16,-44,0,0,0,0,0,7,0,-22,-13,-21,28,0,0,0,0,0,27,0,14]} 1. e4 e5 2. Nf3 Nc6 3. Bb5 a6 4. Ba4 Nge7 5. Bb3 Ng6 6. d4 {C70: Ruy Lopez: 3...a6 4 Ba4, Norwegian and Delayed Schliemann} exd4 7. Nxd4 (7. O-O $5 {[%cal Rf3g5]}) 7... Na5 $146 (7... Bc5 {seems wilder.} 8. c3 O-O 9. O-O Ba7 10. Be3 Na5) ({Predecessor:} 7... Bc5 8. Nf5 O-O 9. Qh5 d6 10. Nc3 Bxf5 11. exf5 Qh4 12. Qxh4 Nxh4 {0-1 (24) Salgado Lopez,I (2622)-Durarbayli,V (2590) Dubai 2014}) 8. c4 (8. Nc3 $11 d6 9. Nf5) 8... Bc5 $15 9. Be3 O-O 10. O-O Ne5 11. Qe2 d6 12. h3 Be6 {[%cal Re6c4]} 13. Nd2 Nac6 ({Black should try} 13... Qf6 $15) 14. Nc2 (14. Nxe6 $11 fxe6 15. f4) 14... Nd7 15. Ba4 Re8 16. Rfe1 Qf6 17. Bxc6 bxc6 {[%cal Bb7c6,Bc6c5][%mdl 32]} 18. b4 Bxe3 19. Qxe3 c5 20. a3 a5 21. b5 Ne5 22. Qe2 Ng6 23. Ne3 a4 24. Ndf1 Nf4 25. Qd2 Qg5 {Threatening ...Bxc4!} 26. Kh1 Qg6 {[#] Hoping for ...Bxc4!} 27. f3 Qf6 28. Rad1 h5 29. Rc1 Qh6 30. Red1 Qf6 {Accuracy: White = 47%, Black = 57%.} 1/2-1/2

[Event "Winter Chess Classic-B 2019"]
[Site "Saint Louis"]
[Date "2019.11.13"]
[Round "4.3"]
[White "Harutyunian, Tigran K."]
[Black "Cordova, Emilio"]
[Result "0-1"]
[WhiteElo "2542"]
[BlackElo "2570"]
[Annotator "TA"]
[PlyCount "54"]
[EventDate "2019.11.10"]
[EventType "tourn"]
[EventCountry "USA"]
[SourceTitle "playchess.com"]
[Source "ChessBase"]
[SourceQuality "1"]

{[%evp 9,120,23,20,20,33,46,75,68,68,74,65,64,58,58,62,45,45,41,33,33,72,62,56,58,65,23,29,18,11,0,0,0,0,0,0,-8,-16,-46,-37,-122,-119,-122,-128,-123,-118,-115,-76,-97,-79,-83,-63,-144,-140,-132,-139,-151,-150,-182,-176,-163,-187,-185,-181,-174,-170,-139,-134,-164,-97,-91,-69,-273,-276,-258,-267,-246,-243,-367,-346,-358,-360,-337,-349,-344,-342,-332,-325,-373,-322,-579,-576,-958,-964,-916,-931,-828,-844,-12839,-2118,-1845,-1692,-2965,-1244,-1122,-996,-12818,-8084,-2806,-2234,-12843,-12839,-12844,-12845]} 1. c4 e5 2. g3 Nc6 3. Bg2 Bc5 4. Nc3 d6 5. Nf3 Nge7 6. e3 {A27: English Opening: Three Knights Variation} a6 7. d4 Ba7 8. dxe5 {White is better.} dxe5 (8... Nxe5 9. Nxe5 dxe5 10. Qxd8+ Kxd8 11. b3 Nc6 12. Ba3 {1-0 (62) Bachmann,A (2649)-Kunin,V (2592) Biel 2016}) 9. Qxd8+ Kxd8 10. O-O $146 ({Predecessor:} 10. b3 f6 11. Ba3 Bd7 12. Nd2 {1-0 (44) Rasmussen,A (2543)-Ochsner,B (2449) Denmark 2018}) 10... f6 11. b3 Ke8 12. Nd5 Nxd5 13. cxd5 Nb4 14. Rd1 Nc2 15. Rb1 e4 16. Nh4 Bg4 17. Rf1 Nb4 $1 18. Bxe4 Rd8 $1 19. Bf5 Bxf5 20. Nxf5 g6 21. Nh6 Rxd5 22. Bb2 Rf8 23. e4 Rd6 24. e5 (24. Ba3 $15 a5 25. Rfd1) 24... fxe5 $17 25. Bxe5 Rd2 {[%cal Rf8f2]} 26. Bf4 Rxa2 {Threatens to win with ...Nd3.} 27. Rbd1 {[#] Rfe1+ would kill now.} Re2 {Played: Ra2xf2} 0-1

[Event "Winter Chess Classic-B 2019"]
[Site "Saint Louis"]
[Date "2019.11.13"]
[Round "4.4"]
[White "Khachiyan, Melikset"]
[Black "Wang, Justin"]
[Result "1-0"]
[WhiteElo "2493"]
[BlackElo "2459"]
[Annotator "TA"]
[PlyCount "101"]
[EventDate "2019.11.10"]
[EventType "tourn"]
[EventCountry "USA"]
[SourceTitle "playchess.com"]
[Source "ChessBase"]
[SourceQuality "1"]

{[%evp 19,101,-16,-10,-14,-18,-16,-12,-10,0,-7,-5,-4,-14,-1,-6,-22,-6,-18,-18,-18,-16,-26,-20,-22,-16,-15,-5,-33,-25,-31,-11,-25,0,0,0,0,0,0,0,0,0,0,0,0,0,0,0,0,0,0,83,71,57,64,119,54,171,171,171,171,171,171,171,118,2039,1993,1816,1861,1614,1448,2393,2224,1809,1620,3910,2881,3089,3367,29981,2677,29986,29986,29982,29982]} 1. e4 e5 2. Nf3 Nc6 3. Bb5 a6 4. Bxc6 dxc6 5. Nc3 f6 6. d4 exd4 7. Qxd4 Qxd4 8. Nxd4 Bd7 9. Bf4 O-O-O 10. O-O-O Ne7 11. h4 {C68: Ruy Lopez: Exchange Variation, sidelines} Ng6 12. Bg3 h5 13. f3 {The position is equal.} (13. Rd2 Bb4 14. Nde2 Rde8 15. Rhd1 Be6 16. a3 Bc5 17. Nd4 Ne5 18. Nxe6 Rxe6 {½-½ (55) Stanojoski,Z (2493)-Georgiev,V (2574) Skopje 2011}) 13... Bb4 $146 ({Predecessor:} 13... Ne5 14. Nce2 c5 15. Nf5 g6 16. Ne3 Bh6 17. Bf4 Bg7 18. Rd5 b6 {0-1 (50) Bruned,B (2211)-Maleki,N (2116) Cannes 2007}) 14. Nce2 Rhe8 15. Nf4 Nxf4 16. Bxf4 Bf8 17. a3 g6 18. Rd2 c5 19. Ne2 Be6 20. Rhd1 Rxd2 21. Rxd2 b5 22. Nc3 c6 23. Rd1 Bf7 24. Kd2 c4 25. Ke2 a5 26. Bd6 Bg7 27. f4 Be6 {And now ...Bg4+ would win.} 28. Ke3 Bg4 29. Rd2 Kb7 30. Bc5 Kc7 31. g3 Bf8 32. Bxf8 Rxf8 $11 {[%mdl 4096] Endgame KRB-KRN} 33. Rd4 Kb6 34. Rd6 Kc7 (34... b4 $1 $11 {keeps the balance.} 35. axb4 axb4 36. Nd5+ {[%mdl 64] Double Attack} Kc5 37. Rxf6 Rd8 38. Nxb4 Kxb4) 35. e5 $16 fxe5 36. fxe5 Bf5 {[#]} (36... b4 $14 37. axb4 axb4) 37. Kd4 (37. Ne2 $1 $16) 37... Rd8 ({Black should play} 37... b4 $1 $14 38. axb4 axb4) 38. Rxd8 $18 Kxd8 {KB-KN} 39. Ne4 Ke7 40. c3 a4 41. Ng5 (41. Nc5 $18) 41... Bd7 $2 {[%mdl 8192]} (41... Kd7 $16 42. Kc5 Bg4) 42. Kc5 Bf5 43. Kxc6 Bd7+ 44. Kc5 Be8 45. e6 Kf6 46. Kd6 Kf5 47. Nh7 g5 48. hxg5 Bg6 49. e7 (49. Nf8 $142 Be8 50. Ke7 h4 51. gxh4 Bh5 {[#]} 52. g6 $1 {[%mdl 576] Promotion} Bxg6 53. Nxg6 Kxg6 54. Kd8) 49... Kg4 50. Nf8 Be8 51. g6 {Accuracy: White = 62%, Black = 34%.} 1-0